|
|
|
|
| LEADER |
00000nab a2200000 a 4500 |
| 001 |
vtls000146752 |
| 003 |
SK-MaSNL |
| 005 |
20260303203228.0 |
| 008 |
111104c1983 xo 0 slo |
| 015 |
|
|
|a SNBRB19rr/mm-uuuuu
|
| 035 |
|
|
|a CL0156859
|
| 040 |
|
|
|a SNKBUCL
|b slo
|c SNKBUCL
|e AACR2
|
| 041 |
0 |
|
|a slo
|
| 044 |
|
|
|a xo
|c SK
|
| 080 |
|
|
|a 82:061.7:06.063:885.4
|2 1981
|
| 080 |
|
|
|a 061.7
|2 1981
|
| 080 |
|
|
|a 06.063
|2 1981
|
| 080 |
|
|
|a 885.4
|2 1981
|
| 080 |
|
|
|a 792.2
|2 1981
|
| 100 |
1 |
|
|a Furmaník, Peter
|4 aut
|9 877641
|
| 245 |
1 |
0 |
|a Alicin klokan a nevšedná atmosféra
|c Peter Furmaník, Alica Mižíková
|
| 650 |
0 |
7 |
|a recitácie
|2 snkbucl
|9 31371
|
| 650 |
0 |
7 |
|a recitačné súťaže
|2 snkbucl
|9 71896
|
| 650 |
0 |
7 |
|a prehliadky umelecké
|2 snkbucl
|9 1003682
|
| 650 |
0 |
7 |
|a ochotnícke divadlo
|2 snkbucl
|9 3349
|
| 650 |
0 |
7 |
|a prehliadky divadelné
|2 snkbucl
|9 921911
|
| 650 |
0 |
7 |
|a divadlá malých foriem
|2 snkbucl
|9 123524
|
| 650 |
0 |
7 |
|a Akademický Prešov 1983
|2 snkbucl
|9 1235544
|
| 651 |
|
7 |
|a 5407
|2 snkbucl
|9 893769
|
| 655 |
|
7 |
|a články z novín a časopisov
|2 snkbucl
|9 267496
|
| 655 |
|
7 |
|a články z odboru literárna veda a krásna literatúra
|2 snkbucl
|9 770045
|
| 700 |
1 |
|
|a Mižíková, Alica
|4 aut
|9 1235546
|
| 773 |
0 |
|
|t Večer
|g Roč. 16, č. 103 (27. 5. 1983), s. /4/
|
| 850 |
|
|
|a Slovenská národná knižnica v Martine
|a MTA001
|
| 852 |
|
|
|a SNK
|b KIS3GCP
|
| 958 |
|
|
|a RK
|
| 958 |
|
|
|a LX
|
| 992 |
|
|
|a RBX
|
| 999 |
|
|
|c 2184331
|d 2186261
|